[Event "Katowice op"]
[Site "Katowice"]
[Date "1993.??.??"]
[Round "1"]
[White "Krasenkow, Michal"]
[Black "Bartosik, Piotr"]
[Result "1-0"]
[WhiteElo "2560"]
[BlackElo "2235"]

1.d4 Nf6 2.Nf3 g6 3.c4 Bg7 4.Nc3 O-O 5.e4 d6 6.h3 e5 7.d5 a5 8.Bg5 h6 9.Be3 Kh7
10.g4 Ng8 11.Bd3 Na6 12.Qd2 f5 13.gxf5 gxf5 14.exf5 Kh8 15.Rg1 Bxf5 16.Bxf5 Rxf5
17.Rg3 Qe7 18.O-O-O Raf8 19.Qe2 b6 20.Rdg1 R5f7 21.h4 Nc5 22.Ng5 hxg5 23.hxg5 e4
24.Rh3+ Nh6 25.gxh6 Be5 26.Bxc5 bxc5 27.Qg4 Rh7 28.Nxe4 Bf4+ 29.Kd1 Bxh6
30.Qg6 Bf4 31.Nf6 Rxh3 32.Qg8+ Rxg8 33.Rxg8+  1-0

[Event "Katowice op"]
[Site "Katowice"]
[Date "1993.??.??"]
[Round "2"]
[White "Murdzia, Piotr"]
[Black "Krasenkow, Michal"]
[Result "0-1"]
[WhiteElo "2365"]
[BlackElo "2560"]

1.Nf3 Nf6 2.g3 b5 3.Bg2 Bb7 4.d3 e6 5.e4 d6 6.O-O Nbd7 7.Nc3 b4 8.Ne2 c5
9.h3 Be7 10.Nd2 d5 11.f4 dxe4 12.dxe4 Nb6 13.g4 Qc7 14.c4 g5 15.b3 gxf4 16.Bb2 e5
17.g5 Nh5 18.Bf3 Ng7 19.Nxf4 exf4 20.Bxg7 Rg8 21.Bb2 Rxg5+ 22.Kh2 O-O-O 23.Qe2 Nd7
24.h4 Rg3 25.e5 Nxe5 26.Bxe5 Qd7  0-1

[Event "Katowice op"]
[Site "Katowice"]
[Date "1993.??.??"]
[Round "4"]
[White "Skomorokhin, Roman"]
[Black "Krasenkow, Michal"]
[Result "1-0"]
[WhiteElo "2445"]
[BlackElo "2560"]

1.d4 Nf6 2.c4 g6 3.Nf3 Bg7 4.g3 O-O 5.Bg2 d6 6.O-O c6 7.Nc3 Qa5 8.h3 Qa6
9.Qb3 Nbd7 10.e3 Nb6 11.Nd2 Be6 12.d5 cxd5 13.cxd5 Bd7 14.a4 Rfc8 15.Rd1 Nxa4
16.Nxa4 Qa5 17.Qa2 Rxc1 18.Rdxc1 Qxd2 19.Nb6 Re8 20.Qxa7 Bf5 21.Nc4 Qe2 22.Bf1 Qf3
23.Bg2 Qe2 24.b4 b5 25.Ra2 Qd3 26.Nd2 h5 27.Qd4 Qxd4 28.exd4 Nd7 29.Nb3 Bd3
30.Ra7 Nf6 31.Na5 Bh6 32.Rcc7 Kf8 33.Nc6 Ng8 34.Bf1 Be4 35.Bxb5 Bxd5 36.Bf1 Bg7
37.b5 Bxc6 38.bxc6 Bxd4 39.Ra4 Be5 40.f4  1-0

[Event "Las Palmas3"]
[Site "Las Palmas"]
[Date "1993.??.??"]
[Round "3"]
[White "Ulibin, Mikhail"]
[Black "Krasenkow, Michal"]
[Result "0-1"]
[WhiteElo "2560"]
[BlackElo "2595"]

1.d4 d5 2.c4 e6 3.Nf3 Nf6 4.g3 dxc4 5.Bg2 Nc6 6.O-O Rb8 7.Nc3 b5 8.Ng5 Nb4
9.a4 a6 10.axb5 axb5 11.e4 h6 12.e5 Nfd5 13.Nge4 Be7 14.Qg4 g6 15.h4 Nc2
16.Ra7 Ncb4 17.Rd1 Nd3 18.Qf3 Nxc1 19.Rxc1 O-O 20.Nc5 Nb4 21.Rd1 Kg7 22.N3e4 Nd5
23.b3 Bd7 24.bxc4 bxc4 25.Rc1 Rb4 26.Bf1 Bc6 27.Rxc4 Rxc4 28.Bxc4 Nb6 29.Bf1 Nd7
30.Nxd7 Qxd7 31.Qe3 Rb8 32.Bg2 Bxe4 33.Qxe4 Rb4 34.Kh2 Bc5 35.Ra6 Qxd4 36.Qxd4 Bxd4
37.f4 c5 38.Ra2 c4 39.Re2 c3 40.Be4 Ra4 41.Kg2 Kf8 42.Kf3 Ke7 43.Bc2 Ra1
44.Ke4 Bb6 45.Rg2 Rf1 46.Kd3 Rf3+ 47.Kc4 Bf2 48.h5 gxh5 49.f5 exf5 50.Bd1 c2
51.Bxc2 Bxg3 52.Kd5 h4  0-1

[Event "Las Palmas3"]
[Site "Las Palmas"]
[Date "1993.??.??"]
[Round "4"]
[White "Krasenkow, Michal"]
[Black "Garcia Ilundain, David"]
[Result "1-0"]
[WhiteElo "2595"]
[BlackElo "2480"]

1.Nf3 Nf6 2.c4 e6 3.Nc3 d5 4.d4 Bb4 5.Bg5 Nbd7 6.cxd5 exd5 7.Qc2 h6 8.Bh4 c5
9.e3 c4 10.Be2 Qa5 11.Nd2 O-O 12.Bf3 Bxc3 13.bxc3 Qa3 14.O-O b5 15.Rfb1 a6
16.Rb4 Ra7 17.Nb1 Qa5 18.a4 g5 19.Bg3 Nb6 20.Be5 Nfd7 21.Bd6 Re8 22.Ra2 Nxa4
23.Bxd5 Kg7 24.Bxf7 Kxf7 25.Qh7+ Ke6 26.Qg6+ Nf6 27.Be5 Rf8 28.Bxf6 Rxf6
29.Qe4+ Kf7 30.Qh7+ Kf8 31.Qxa7 Rf7 32.Qa8 Qd8 33.Raxa4 bxa4 34.Rxc4 Rc7
35.Na3 Qd6 36.h4 Rxc4 37.Nxc4 Qc7 38.Qd5 Bb7 39.Qf5+ Kg7 40.Ne5 a3 41.Qg6+ Kf8
42.Qxh6+ Kg8 43.Qe6+  1-0

[Event "Las Palmas3"]
[Site "Las Palmas"]
[Date "1993.??.??"]
[Round "6"]
[White "Krasenkow, Michal"]
[Black "Dao Thien Hai"]
[Result "1/2-1/2"]
[WhiteElo "2595"]
[BlackElo "2565"]

1.d4 f5 2.g3 Nf6 3.Bg2 g6 4.Nh3 Bg7 5.Nf4 d6 6.h4 e5 7.dxe5 dxe5 8.Qxd8+ Kxd8
9.Nd3 Re8 10.Nc3 e4 11.Nf4 Be6 12.f3 exf3 13.Bxf3 c6 14.Nxe6+ Rxe6 15.Bg5 h6
16.O-O-O+ Nd7 17.Bf4 Ke7 18.e4 fxe4 19.Bg2 Ne5 20.Bxe4 Nxe4 21.Nxe4 b6 22.Nd2 Kf7
23.Rde1  1/2-1/2

[Event "POL-chT"]
[Site "Lubniewice"]
[Date "1993.??.??"]
[Round "?"]
[White "Urban, Klaudiusz"]
[Black "Krasenkow, Michal"]
[Result "1/2-1/2"]
[WhiteElo "2440"]
[BlackElo "2595"]

1.d4 g6 2.c4 Bg7 3.Nc3 c5 4.d5 d6 5.e4 Nf6 6.Bd3 O-O 7.Nge2 e5 8.h3 a6 9.a4 b6
10.g4 h5 11.Bg5 hxg4 12.hxg4 Bxg4 13.Qd2 Qd7 14.Qe3 Bxe2 15.Bxe2 Nh7 16.Bh6 Bf6
17.Bxf8 Nxf8 18.Qh3 Qxh3 19.Rxh3 Bd8 20.Bg4 Nbd7 21.Bxd7 Nxd7 22.Kd2 Kg7
23.Kc2 Nf6 24.f3 Bc7 25.Rb1 Rc8 26.Rh2 a5 27.Rbh1 Re8 28.Kd2 Rg8 29.Ke1 Re8
30.Kf2 Rg8 31.Rg1 Re8 32.Nd1 Rh8 33.Rxh8 Kxh8 34.Ke3 Kh7 35.Nf2 Nd7 36.Nd3 Kg7
37.f4 exf4+ 38.Kxf4 Bb8 39.Rg2 Bc7 40.Ke3 Kh7 41.Ne1 Ne5 42.Rc2 Kg7 43.Nf3 Nxf3
44.Kxf3 f6  1/2-1/2

[Event "POL-chT"]
[Site "Lubniewice"]
[Date "1993.??.??"]
[Round "?"]
[White "Murdzia, Piotr"]
[Black "Krasenkow, Michal"]
[Result "1/2-1/2"]
[WhiteElo "2435"]
[BlackElo "2595"]

1.d4 g6 2.c4 Bg7 3.Nc3 Nf6 4.Nf3 O-O 5.Bg5 d6 6.e3 c5 7.Be2 cxd4 8.Nxd4 Nc6
9.O-O Bd7 10.Qd2 Rc8 11.Rfd1 h6 12.Bh4 Re8 13.Rac1 a6 14.h3 g5 15.Bg3 Qa5
16.Nb3 Qb4 17.Qc2 Be6 18.a3 Qb6 19.Na4 Qa7 20.c5 Ne4 21.Bh2 Ne5 22.Nd4 Nxc5
23.Nxe6 Nxe6 24.Qxc8 Rxc8 25.Rxc8+ Kh7 26.Bxe5 Bxe5 27.Rc2 Kg7 28.Bf3 b5
29.Nc3 Bxc3 30.Rxc3 a5 31.b4 axb4 32.axb4 Qa4 33.Rb1 Qa2 34.Rcc1 f5 35.Bc6 Qa4
36.Bd7 Kf6 37.Rc8 f4 38.Bxe6 Kxe6 39.e4 Qa2 40.Rcc1 Ke5 41.Re1 h5 42.Rbd1 e6
43.f3 Qa3 44.Rb1 g4 45.hxg4 hxg4 46.fxg4 Qg3 47.Kf1 Qxg4 48.Rb3 Qg7 49.Rbb1 Qg3
50.Rb2 Qd3+ 51.Ree2 Kf6 52.Kf2 Qd4+ 53.Kf3 Kg5 54.Rbd2 Qxb4 55.Rd3 Qc5 56.g3 fxg3
57.Kxg3 b4 58.Rf3 Qe5+ 59.Kh3 Kh5 60.Rh2 Qxe4 61.Kg3+ Kg5 62.Kf2 Qd4+ 63.Kg2 b3
64.Rhh3  1/2-1/2

[Event "POL-chT"]
[Site "Lubniewice"]
[Date "1993.??.??"]
[Round "?"]
[White "Krasenkow, Michal"]
[Black "Gleizerov, Evgeny"]
[Result "1-0"]
[WhiteElo "2595"]
[BlackElo "2525"]

1.d4 e6 2.c4 f5 3.g3 Nf6 4.Bg2 c6 5.Nf3 d5 6.O-O Bd6 7.Bf4 Bxf4 8.gxf4 O-O
9.Qb3 b6 10.Nc3 Bb7 11.Rac1 Ne4 12.Nxe4 fxe4 13.Ng5 Rf6 14.cxd5 cxd5 15.Bh3 Qd7
16.f5 exf5 17.Nxe4 Rh6 18.Ng5 Nc6 19.Qd3 Rf6 20.f4 Re8 21.e3 Qe7 22.Rfe1 h6
23.Nf3 Qe4 24.Qxe4 dxe4 25.Ne5 Nxe5 26.dxe5 Rf7 27.Red1 Bc8 28.Bf1 Be6 29.b3 Rfe7
30.Rd6 Kf8 31.Bb5 Rb8 32.h4 Rbb7 33.Rd8+ Kf7 34.Bc6 Rbc7 35.Rdd1  1-0

[Event "POL-chT"]
[Site "Lubniewice"]
[Date "1993.??.??"]
[Round "?"]
[White "Krasenkow, Michal"]
[Black "Ciemniak, Robert"]
[Result "1-0"]
[WhiteElo "2595"]
[BlackElo "2415"]

1.Nf3 Nf6 2.c4 c5 3.Nc3 Nc6 4.d4 cxd4 5.Nxd4 e6 6.a3 Bc5 7.Nb3 Be7 8.e4 O-O
9.Be2 b6 10.Bf4 d6 11.O-O Ba6 12.Re1 Rc8 13.Nd2 Nd7 14.b4 Bf6 15.Rc1 Bxc3
16.Rxc3 Qf6 17.Rf3 Nd4 18.Bxd6 Nxf3+ 19.Bxf3 Qc3 20.Nb1 Qxc4 21.Bxf8 Nxf8
22.Be2 Qxe2 23.Rxe2 Bxe2 24.Qd2 Rc7 25.Nc3 Ba6 26.f3 Rd7 27.Qf4 Bc4 28.e5 b5
29.a4 Ng6 30.Qe4 Bd5 31.Nxd5 Rxd5 32.a5 Nxe5 33.Qe3 a6 34.Qb6 h5 35.Qxa6 h4
36.Qa8+ Kh7 37.a6 Rd1+ 38.Kf2 Rd2+ 39.Kf1 f5 40.a7 Nc4 41.Qb8 Ne3+ 42.Ke1 Rc2
43.a8=Q Nxg2+ 44.Kf1 Ne3+ 45.Kg1  1-0

[Event "POL-chT"]
[Site "Lubniewice"]
[Date "1993.??.??"]
[Round "?"]
[White "Maciejewski, Miroslaw"]
[Black "Krasenkow, Michal"]
[Result "0-1"]
[WhiteElo "2400"]
[BlackElo "2595"]

1.e4 g6 2.d4 Bg7 3.c4 c5 4.Nf3 Qa5+ 5.Nc3 Nc6 6.Be3 Nf6 7.Qd2 cxd4 8.Nxd4 Nxe4
9.Nxc6 Qxc3 10.Qxc3 Bxc3+ 11.bxc3 dxc6 12.Bd3 Nd6 13.c5 Nf5 14.Bxf5 Bxf5
15.O-O-O Rd8 16.Kb2 f6 17.c4 Kf7 18.Kc3 g5 19.f3 g4 20.Rhg1 Rhg8 21.fxg4 Rxd1
22.Rxd1 Rxg4 23.g3 e5 24.Rd8 Be6 25.Rb8 Rxc4+ 26.Kb2 Rb4+ 27.Kc3 Ra4 28.Rxb7+ Kg6
29.Rb2 Ra3+ 30.Kd2 Bxa2 31.g4 Be6 32.h3 Bc4 33.Rb4 Bb5 34.h4 Rd3+  0-1

[Event "Oviedo rapid"]
[Site "Oviedo"]
[Date "1993.??.??"]
[Round "8"]
[White "Krasenkow, Michal"]
[Black "Kakageldyev, Amanmurad"]
[Result "1-0"]
[WhiteElo "2595"]
[BlackElo "2465"]

1.c4 g6 2.d4 Bg7 3.Nf3 d6 4.e4 Bg4 5.Be2 Nc6 6.Be3 e5 7.d5 Bxf3 8.Bxf3 Nd4
9.Nc3 Ne7 10.h4 h5 11.Be2 c5 12.Bd3 Qd7 13.a3 O-O 14.b4 b6 15.Rb1 f5 16.bxc5 bxc5
17.Bg5 f4 18.Qa4 Rfd8 19.Qxd7 Rxd7 20.Kd2 Kf7 21.Nb5 Nxb5 22.Rxb5 Bf6 23.Rhb1 Bxg5
24.hxg5 Ke8 25.Bc2 Kd8 26.Ba4 Rc7 27.Ra5 a6 28.Rb6 Nc8 29.Rbxa6 Rxa6 30.Rxa6 h4
31.Bd1 Rb7 32.Kc2 f3 33.Bxf3 Rf7 34.Bg4 Rxf2+ 35.Kb3 Rxg2 36.Be6 h3 37.Ra8 Rxg5
38.Rxc8+ Ke7 39.Rh8 Rg3+ 40.Ka4 Rc3 41.Kb5  1-0

[Event "Oviedo rapid"]
[Site "Oviedo"]
[Date "1993.??.??"]
[Round "11"]
[White "Smagin, Sergey"]
[Black "Krasenkow, Michal"]
[Result "1-0"]
[WhiteElo "2550"]
[BlackElo "2595"]

1.e4 e5 2.Nf3 Nc6 3.Nc3 Nf6 4.Bb5 Bb4 5.O-O O-O 6.d3 d6 7.Bg5 Bg4 8.Bxf6 gxf6
9.Bxc6 bxc6 10.h3 Bh5 11.Ne2 Bxf3 12.gxf3 f5 13.Ng3 Qg5 14.Kh2 Bd2 15.Rg1 Bf4
16.Kh1 Kh8 17.Nxf5 Qf6 18.Qe2 Rg8 19.Rg4 Rg6 20.Rag1 a5 21.a4 Rb8 22.b3 c5
23.Qe1 Ra8 24.Ne3 Bxe3 25.Qxe3 Rag8 26.R1g3 R8g7 27.Kg2 h5 28.Rxg6 fxg6 29.Qg5 Qxg5
30.Rxg5 Kh7 31.f4 exf4 32.Kf3 Kh6 33.h4 Rf7 34.Rd5 Rf8 35.e5 Rd8 36.exd6 cxd6
37.Kxf4 Rf8+ 38.Kg3 Rd8 39.f4 Kg7 40.f5 gxf5 41.Kf4 Kg6 42.Rxf5 Re8 43.Rg5+ Kh6
44.Rd5 Re6 45.Kf5 Rg6 46.d4 cxd4 47.Rxd4 Kg7 48.Rd5 Rg4 49.Rxa5 Rxh4 50.Ra7+ Kf8
51.a5 Rb4 52.a6 Rb6 53.Kf6 d5+ 54.Ke5 h4 55.Kxd5 Kg8 56.Kc5  1-0

[Event "Oviedo rapid"]
[Site "Oviedo"]
[Date "1993.??.??"]
[Round "12"]
[White "Krasenkow, Michal"]
[Black "Yakovich, Yuri"]
[Result "1-0"]
[WhiteElo "2595"]
[BlackElo "2525"]

1.e4 c5 2.Nf3 Nc6 3.d4 cxd4 4.Nxd4 Nf6 5.Nc3 e5 6.Ndb5 d6 7.Bg5 a6 8.Na3 b5
9.Bxf6 gxf6 10.Nd5 Bg7 11.c3 f5 12.exf5 Bxf5 13.Nc2 Be6 14.Nce3 Ne7 15.g3 Nxd5
16.Nxd5 O-O 17.Bg2 a5 18.O-O f5 19.Qh5 Ra7 20.a4 Qb8 21.b4 axb4 22.axb5 bxc3
23.Nxc3 Rxa1 24.Rxa1 e4 25.Nxe4 Bf7 26.Qg5 fxe4 27.Bxe4 Qe8 28.Qf5 Bg6 29.Qd5+ Kh8
30.Bxg6 Qxg6 31.Ra8 h6 32.Rxf8+ Bxf8 33.Qb3 Qe4 34.b6 d5 35.b7 Bd6 36.b8=Q+ Bxb8
37.Qxb8+ Kh7 38.Qa7+ Kg6 39.Qb6+ Kg7 40.Qe3 Qc4 41.Qe7+ Kg6 42.Qe6+ Kg7 43.h4 Qd3
44.Kg2 d4 45.g4 Qd2 46.Qe7+ Kg8 47.g5 Qf4 48.Qe6+ Kf8 49.Qxh6+ Ke8  1-0

[Event "Pardubice op"]
[Site "Pardubice"]
[Date "1993.??.??"]
[Round "2"]
[White "Krasenkow, Michal"]
[Black "Bronznik, Valerij"]
[Result "1-0"]
[WhiteElo "2595"]
[BlackElo "2250"]

1.d4 Nf6 2.c4 g6 3.Nc3 Bg7 4.e4 d6 5.Nf3 O-O 6.h3 Nfd7 7.Bg5 c5 8.d5 b5 9.cxb5 a6
10.Qd2 axb5 11.Bxb5 Qa5 12.Bh6 Ba6 13.Bxa6 Nxa6 14.h4 f6 15.h5 g5 16.Bxg7 Kxg7
17.O-O h6 18.a3 Ne5 19.Nxe5 fxe5 20.Qe2 Rab8 21.Nd1 Nc7 22.Ne3 Kh7 23.Nc4 Qa4
24.b4 cxb4 25.axb4 Qxb4 26.Na5 Qb2 27.Qg4 e6 28.Rac1 Qb6 29.Nc4 Qd4 30.Nxd6 Nxd5
31.Qxe6  1-0

[Event "Pardubice op"]
[Site "Pardubice"]
[Date "1993.??.??"]
[Round "4"]
[White "Krasenkow, Michal"]
[Black "Vokac, Marek"]
[Result "1-0"]
[WhiteElo "2595"]
[BlackElo "2465"]

1.Nf3 c5 2.c4 g6 3.d4 cxd4 4.Nxd4 Bg7 5.e4 Nc6 6.Be3 Nf6 7.Nc3 O-O 8.Be2 d6
9.O-O Bd7 10.Rc1 Nxd4 11.Bxd4 Bc6 12.Bd3 Nd7 13.Bxg7 Kxg7 14.b4 b6 15.f4 a5
16.a3 axb4 17.axb4 Ra7 18.Bb1 Qb8 19.Rf3 Rc8 20.Rh3 Rcc7 21.Qd4+ Kg8 22.e5 dxe5
23.fxe5 Nf8 24.Rf1 Bd7 25.Rhf3 Be6 26.Nd5 Rd7 27.Qf2 Bxd5 28.cxd5 e6 29.d6 f5
30.Rc3 Ra4 31.Qd4 Qa8 32.Rfc1 Ra1 33.h3 Qd8 34.Kh2 Qg5 35.Rf1 Rda7 36.Qxb6 R7a3
37.Qd4 Nd7 38.Rc8+ Kg7 39.Rc7 R3a2 40.Rxd7+ Kh6 41.Bxa2 Rxf1 42.Rc7 f4 43.Rc3 Qh4
44.Bc4 Rf2 45.Qe4 Qg5 46.Be2  1-0

[Event "Pardubice op"]
[Site "Pardubice"]
[Date "1993.??.??"]
[Round "5"]
[White "Stripunsky, Alexander"]
[Black "Krasenkow, Michal"]
[Result "0-1"]
[WhiteElo "2490"]
[BlackElo "2595"]

1.e4 c5 2.Nf3 Nc6 3.d4 cxd4 4.Nxd4 Nf6 5.Nc3 e5 6.Ndb5 d6 7.Bg5 a6 8.Na3 b5
9.Nd5 Be7 10.Bxf6 Bxf6 11.c3 Bb7 12.Nc2 Nb8 13.Nce3 Nd7 14.g3 O-O 15.h4 g6
16.Qg4 Bg7 17.h5 Nf6 18.Nxf6+ Qxf6 19.Rd1 Bc8 20.Qe2 Be6 21.Nd5 Qg5 22.hxg6 hxg6
23.Qd3 Ra7 24.a3 f5 25.Qe3 Qxe3+ 26.Nxe3 Rd7 27.Bg2 Kf7 28.exf5 gxf5 29.Bc6 Rdd8
30.Bd5 Kf6 31.Bb7 Rb8 32.Bc6 Rfd8 33.Bd5 Rh8 34.Rxh8 Rxh8 35.Ke2 Rb8 36.Bg2 Ke7
37.Rh1 a5 38.Bd5 Rh8 39.Rd1 Rb8 40.Bxe6 Kxe6 41.Rh1 Rh8 42.Rd1 Rc8 43.Rh1 Rh8
44.Rd1 Bf6 45.Nd5 Bd8 46.b3 Rh7 47.Ne3 Bb6 48.Nd5 Ba7 49.c4 bxc4 50.bxc4 Rb7
51.Rh1 e4 52.f4 Rb2+ 53.Kf1 Rb1+ 54.Kg2 Rxh1 55.Kxh1 e3 56.Nc3 Bd4 57.Ne2 Bc5
58.a4 d5 59.cxd5+ Kxd5 60.Kg2 Kc4 61.Kf3 Kb3  0-1

[Event "Pardubice op"]
[Site "Pardubice"]
[Date "1993.??.??"]
[Round "7"]
[White "Vaulin, Alexander"]
[Black "Krasenkow, Michal"]
[Result "1/2-1/2"]
[WhiteElo "2500"]
[BlackElo "2595"]

1.c4 g6 2.g3 Bg7 3.Bg2 Nf6 4.Nc3 O-O 5.d4 d6 6.Nf3 c6 7.O-O Qa5 8.e4 Bg4
9.h3 Bxf3 10.Bxf3 Nfd7 11.Be3 Qb4 12.Be2 Qxb2 13.Na4 Qa3 14.Bc1 Qb4 15.Bd2 Qa3  1/2-1/2

[Event "Pardubice op"]
[Site "Pardubice"]
[Date "1993.??.??"]
[Round "8"]
[White "Krasenkow, Michal"]
[Black "Obodchuk, Andrei"]
[Result "1-0"]
[WhiteElo "2595"]
[BlackElo "2385"]

1.d4 Nf6 2.c4 g6 3.Nc3 Bg7 4.e4 d6 5.h3 O-O 6.Nf3 e5 7.d5 Na6 8.Bg5 Qe8 9.g4 Nd7
10.Rg1 Kh8 11.Qd2 Ndc5 12.Be2 Bd7 13.h4 f5 14.gxf5 gxf5 15.h5 Nxe4 16.Nxe4 fxe4
17.Nh4 Qf7 18.O-O-O Nc5 19.Kb1 Nd3 20.Bxd3 exd3 21.Bh6 Rg8 22.Ng6+ hxg6 23.hxg6 Qf3
24.Qg5 Bg4 25.Rh1 Qf5 26.Bxg7+  1-0

[Event "Pardubice op"]
[Site "Pardubice"]
[Date "1993.??.??"]
[Round "9"]
[White "Tunik, Gennady"]
[Black "Krasenkow, Michal"]
[Result "1/2-1/2"]
[WhiteElo "2490"]
[BlackElo "2595"]

1.d4 d5 2.Nf3 c6 3.e3 Bf5 4.c4 e6 5.Nc3 Nf6 6.Bd3 Bxd3 7.Qxd3 Bb4 8.O-O O-O
9.a3 Bxc3 10.bxc3 Nbd7 11.cxd5 cxd5 12.c4 dxc4 13.Qxc4 a6 14.a4 b5 15.Qb3 Qb6
16.Bd2 Ne4 17.Rab1 Rab8 18.axb5 axb5 19.Rfc1 Nxd2  1/2-1/2

[Event "Podolsk"]
[Site "Podolsk"]
[Date "1993.??.??"]
[Round "?"]
[White "Sveshnikov, Evgeny"]
[Black "Krasenkow, Michal"]
[Result "1/2-1/2"]
[WhiteElo "2570"]
[BlackElo "2595"]

1.e4 e5 2.Nf3 Nf6 3.d4 Nxe4 4.dxe5 d5 5.Nbd2 Nc5 6.Nb3 Bf5 7.Bg5 Qd7 8.Nfd4 Bg6
9.Be2 Ne6 10.Be3 Nxd4 11.Nxd4 c5 12.Bb5 Nc6 13.Nxc6 bxc6 14.Ba4 Be7 15.O-O O-O
16.c3 Rab8 17.b3 Rfd8 18.Qf3 Qe6 19.Rfe1 Rbc8  1/2-1/2

[Event "Rostov op"]
[Site "Rostov"]
[Date "1993.??.??"]
[Round "?"]
[White "Krasenkow, Michal"]
[Black "Belov, Igor"]
[Result "1-0"]
[WhiteElo "2560"]
[BlackElo "2440"]

1.c4 g6 2.d4 Nf6 3.Nc3 Bg7 4.e4 d6 5.Nf3 O-O 6.h3 e5 7.d5 Nbd7 8.Bg5 a5 9.Nd2 Nc5
10.Be2 c6 11.b3 Bd7 12.a3 Na6 13.O-O h6 14.Be3 c5 15.Qc2 Ne8 16.Rae1 f5 17.exf5 gxf5
18.f4 e4 19.Ndb1 Qe7 20.Bd1 Kh8 21.g4 Qh4 22.Kg2 Bd4 23.Qd2 Bxe3 24.Rxe3 Rg8
25.Qf2 Qxf2+ 26.Kxf2 Nf6 27.gxf5 Bxf5 28.Nd2 Raf8 29.Ndxe4 Ne8 30.Nb5 Bxe4
31.Rxe4 Nb8 32.Rg1 Nd7 33.Rxg8+ Kxg8 34.Re6 Ng7 35.Rxh6 Rxf4+ 36.Kg1 Ne5
37.Nxd6 Rd4 38.Be2 Rd2 39.Kf1 Rb2 40.Rh4 Rxb3 41.Re4 Nf3 42.Bxf3 Rxf3+ 43.Kg2 Rxa3
44.Nxb7 a4 45.Nxc5 Ra2+ 46.Kf3 a3 47.d6 Rd2 48.d7 Kf7 49.Re3 a2 50.Ra3 Ke7
51.Ke3 Rh2 52.Ra8 Rxh3+ 53.Ke4 Rh4+ 54.Kd5 Rh5+ 55.Kc6 Rh6+ 56.Kc7 Rd6 57.Rxa2 Ne6+
58.Nxe6 Rxd7+ 59.Kc8 Rd6 60.Re2 Rc6+ 61.Nc7+ Kd6 62.Re6+  1-0

[Event "Rostov op"]
[Site "Rostov"]
[Date "1993.??.??"]
[Round "?"]
[White "Anastasian, Ashot"]
[Black "Krasenkow, Michal"]
[Result "1/2-1/2"]
[WhiteElo "2470"]
[BlackElo "2560"]

1.d4 Nf6 2.Nf3 g6 3.Bf4 Bg7 4.e3 O-O 5.Be2 d6 6.h3 c5 7.c3 Qb6 8.Qb3 Be6
9.Qxb6 axb6 10.a3 Nc6 11.Nbd2 Rfc8 12.O-O cxd4 13.exd4 Na5 14.Rfe1 Kf8 15.Bd3 Nc4
16.Nxc4 Bxc4 17.Bxc4 Rxc4 18.Re2 Nd5 19.Bg3 b5 20.Rae1 Rc7 21.Rd1 h6 22.Ne1 f5
23.f3 g5 24.Nd3 Kf7 25.Rde1 Bf6 26.Bf2 Rc6 27.g4 fxg4 28.hxg4 Nxc3 29.bxc3 Rxc3
30.Re3 Raxa3 31.Nb4 Rxe3 32.Rxe3 Ra1+ 33.Kg2 Bxd4 34.Rb3 Bc5 35.Rb2 Rd1 36.Kg3 Kg6
37.Na2 b6 38.Nc3 Rd3 39.Nxb5 e5 40.Kg2 h5 41.gxh5+ Kxh5 42.Re2 Kg6 43.Bxc5 bxc5
44.Nxd6 Rxd6 45.Rxe5 Rc6 46.f4  1/2-1/2

[Event "Rostov op"]
[Site "Rostov"]
[Date "1993.??.??"]
[Round "?"]
[White "Krasenkow, Michal"]
[Black "Novik, Maxim"]
[Result "1-0"]
[WhiteElo "2560"]
[BlackElo "2430"]

1.d4 d5 2.c4 e6 3.Nc3 c5 4.cxd5 exd5 5.Nf3 Nc6 6.g3 Nf6 7.Bg2 Be7 8.O-O O-O
9.Bg5 cxd4 10.Nxd4 h6 11.Be3 Re8 12.Qc2 Bg4 13.Rad1 Bf8 14.Nxc6 bxc6 15.Bd4 Be7
16.f3 Bd7 17.Na4 Qc8 18.e3 Qa6 19.b3 Rac8 20.Nc5 Bxc5 21.Bxc5 Be6 22.Rd4 Qb7
23.Ra4 Ra8 24.Rc1 Rec8 25.Bf1 Qd7 26.Ra6 Qb7 27.Bd4 Bd7 28.Qc5 Nh7 29.Qa3 Ng5
30.Kf2 Ne6 31.Bxa7 Nc7 32.Ra5 Nb5 33.Bxb5 cxb5 34.Bc5 Bc6 35.Rxa8 Rxa8 36.Qb2 d4
37.Bxd4 Bxf3 38.Bxg7 Ra6 39.Kg1 Kh7 40.Bf8 Rg6 41.Rf1 Kg8 42.Bb4 Qd5 43.a4 Rc6
44.axb5 Qxb5 45.Bf8 Kxf8 46.Rxf3 Qd5 47.Rf1 Kg8 48.b4 Rc4 49.Rc1 Rxc1+ 50.Qxc1 Qd3
51.Qc5 Qe2 52.b5 h5 53.Qb4 Kh7 54.b6 Qxe3+ 55.Kg2 Qe2+ 56.Kh3  1-0

[Event "Rostov op"]
[Site "Rostov"]
[Date "1993.??.??"]
[Round "?"]
[White "Matveeva, Svetlana"]
[Black "Krasenkow, Michal"]
[Result "0-1"]
[WhiteElo "2395"]
[BlackElo "2560"]

1.d4 Nf6 2.c4 c5 3.d5 e5 4.Nc3 d6 5.g3 Be7 6.Bg2 O-O 7.e4 Ne8 8.Nge2 Nd7
9.O-O a6 10.a4 b6 11.f4 exf4 12.gxf4 Bf6 13.Qd3 Ra7 14.Ng3 g6 15.Bd2 Bg7
16.Rae1 Qh4 17.Nd1 Bd4+ 18.Be3 Nef6 19.Bxd4 cxd4 20.Ne2 Nc5 21.Qxd4 Nxa4
22.b3 Nc5 23.b4 Ncd7 24.e5 Ng4 25.h3 Nh6 26.Nf2 Nf5 27.Qc3 a5 28.bxa5 Rxa5
29.Ng4 h5 30.Nh2 dxe5 31.fxe5 Qg5 32.Rxf5 Qxf5 33.Nd4 Qf4 34.e6 Nc5 35.Rf1 Qg5
36.Nhf3 Qg3 37.Ne2 Qc7 38.Ng5 Nxe6 39.Nxe6 fxe6 40.Rxf8+ Kxf8 41.Qh8+ Ke7
42.Qg7+ Kd6 43.Qf8+ Qe7 44.Qxc8 exd5 45.cxd5 Qxe2 46.Qd8+ Kc5 47.Qc7+ Kd4
48.Qxb6+ Rc5 49.Qxg6 Rc7 50.Kh2 Qe5+ 51.Qg3 h4 52.Qxe5+ Kxe5 53.Bf3 Rc2+
54.Kg1 Rd2 55.Kf1 Kf4 56.Bg4 Rxd5 57.Ke2 Kg3 58.Kf1 Rc5 59.Ke2 Kg2 60.Ke3 Re5+
61.Kf4 Re7 62.Bc8 Re8 63.Bd7 Rd8 64.Be6 Kf2 65.Bf5 Rd4+ 66.Ke5 Ke3 67.Be6 Rf4
68.Bf5 Ra4 69.Bd7 Ra5+ 70.Kf6 Kf4 71.Bg4 Ra6+ 72.Kf7 Kg3  0-1

[Event "Rostov op"]
[Site "Rostov"]
[Date "1993.??.??"]
[Round "?"]
[White "Raetsky, Alexander"]
[Black "Krasenkow, Michal"]
[Result "1-0"]
[WhiteElo "2465"]
[BlackElo "2560"]

1.d4 Nf6 2.c4 c5 3.Nf3 cxd4 4.Nxd4 Nc6 5.g3 g6 6.Bg2 Bg7 7.O-O O-O 8.Nc3 Ng4
9.e3 Nxd4 10.exd4 Nh6 11.Bxh6 Bxh6 12.c5 d6 13.b4 Bg7 14.Rc1 Rb8 15.a4 Bf5
16.Re1 Re8 17.b5 dxc5 18.dxc5 Qa5 19.Qb3 Be6 20.Rxe6 fxe6 21.h4 Kh8 22.Ne4 Rf8
23.Rd1 Rbd8 24.Rxd8 Qxd8 25.Qxe6 Qd1+ 26.Kh2 Qxa4 27.Qxe7 Qxb5 28.Nd6 Qb3
29.f4 a5 30.Bxb7 a4 31.c6 a3 32.c7 Qc2+ 33.Kh3 a2 34.c8=Q Qxc8+ 35.Bxc8 a1=Q
36.Nf7+ Kg8 37.Be6 Qh1+ 38.Kg4 h5+ 39.Kg5 Kh7 40.g4 Qg1 41.Ne5 Qb1 42.Nd7 Ra8
43.Bd5 hxg4 44.Nf6+ Kh8 45.Be4  1-0

[Event "Brno-A"]
[Site "Brno"]
[Date "1994.??.??"]
[Round "3"]
[White "Krasenkow, Michal"]
[Black "Epishin, Vladimir"]
[Result "0-1"]
[WhiteElo "2595"]
[BlackElo "2650"]

1.d4 Nf6 2.c4 c6 3.Nf3 d5 4.Nc3 a6 5.e3 b5 6.b3 Bg4 7.Be2 e6 8.h3 Bh5 9.O-O Nbd7
10.Ne5 Bxe2 11.Nxe2 Nxe5 12.dxe5 Nd7 13.cxd5 cxd5 14.Bb2 Be7 15.Nd4 Qb6 16.Rc1 O-O
17.Rc6 Qb7 18.Qc2 Ra7 19.Rc1 Nxe5 20.Nxe6 Qxc6 21.Nxf8 Qxc2 22.Rxc2 Nc4 23.bxc4 dxc4
24.Bd4 Rc7 25.Nxh7 Kxh7 26.Bb6 Rc6 27.Ba5 Ba3 28.Kf1 b4 29.Ke2 Rc5 30.Bb6 Rb5
31.Bd4 b3 32.Rxc4 b2 33.Bxb2 Rxb2+ 34.Kf3 Bb4  0-1

[Event "Brno-A"]
[Site "Brno"]
[Date "1994.??.??"]
[Round "5"]
[White "Krasenkow, Michal"]
[Black "Bischoff, Klaus"]
[Result "0-1"]
[WhiteElo "2595"]
[BlackElo "2525"]

1.d4 e6 2.c4 b6 3.a3 Bb7 4.Nc3 f5 5.d5 Nf6 6.Nf3 Be7 7.b4 a5 8.b5 Ne4 9.Na4 Bf6
10.Rb1 Qe7 11.Qc2 d6 12.e3 Nd7 13.dxe6 Ndc5 14.Nxc5 Nxc5 15.Nd2 Qxe6 16.Nb3 Qe4
17.Qa2 O-O-O 18.Bd2 Rhe8 19.Rc1 Nd3+ 20.Bxd3 Qxd3  0-1

[Event "Brno-A"]
[Site "Brno"]
[Date "1994.??.??"]
[Round "8"]
[White "Krasenkow, Michal"]
[Black "Stangl, Markus"]
[Result "1/2-1/2"]
[WhiteElo "2595"]
[BlackElo "2535"]

1.d4 d5 2.c4 c6 3.e3 Nf6 4.Nc3 a6 5.a4 e6 6.Nf3 Nbd7 7.Bd3 Bd6 8.e4 dxe4
9.Nxe4 Nxe4 10.Bxe4 c5 11.O-O O-O 12.Bc2 cxd4 13.Qxd4 Qe7 14.Rd1 Bc5 15.Qd3 f5
16.Bg5 Nf6 17.Qe2 Qc7 18.Bxf6 gxf6 19.Rd3 a5 20.Nd4 Bxd4 21.Rxd4 e5 22.Rh4 Be6
23.g4 Qxc4 24.Qxc4 Bxc4 25.Bxf5 Rf7 26.Rc1 Bd5 27.Rc3 Re8 28.Rc5 Bc6 29.Rxa5 Rd8
30.f3 Rg7 31.Kf2 Rd2+ 32.Kg3 Rxb2 33.Ra8+ Kf7 34.Rxh7 Rxh7 35.Bxh7 Re2 36.Be4 Bxe4
37.fxe4 Rxe4 38.a5  1/2-1/2

[Event "Geneve op"]
[Site "Geneve"]
[Date "1994.??.??"]
[Round "2"]
[White "Gerber, Richard"]
[Black "Krasenkow, Michal"]
[Result "0-1"]
[WhiteElo "2355"]
[BlackElo "2565"]

1.d4 d5 2.c4 e6 3.Nc3 c6 4.cxd5 exd5 5.Nf3 Bf5 6.g3 Nf6 7.Bg2 Bd6 8.O-O h6
9.Ne5 O-O 10.Bf4 Na6 11.Qb3 Rb8 12.Qa4 Nc7 13.Qxa7 Ne6 14.Rad1 Qc7 15.Qa4 b5
16.Qb3 Nxd4 17.Rxd4 Bxe5 18.Rfd1 b4 19.Rxb4 Bxf4 20.gxf4 Bc2 21.Qxc2 Rxb4
22.e3 Qb8 23.Na4 Rc4 24.Nc3 d4 25.Qd3 dxc3 26.Qxc4 Qxb2 27.Bxc6 c2 28.Rf1 Rc8
29.a4 Ne4 30.Qa6 Nd6  0-1

[Event "Geneve op"]
[Site "Geneve"]
[Date "1994.??.??"]
[Round "9"]
[White "Krasenkow, Michal"]
[Black "Ikonnikov, Vyacheslav"]
[Result "1/2-1/2"]
[WhiteElo "2565"]
[BlackElo "2515"]

1.Nf3 Nf6 2.d4 e6 3.g3 b5 4.Bg2 Bb7 5.O-O Be7 6.Bg5 O-O 7.Qd3 a6 8.Nbd2 h6
9.Bxf6 Bxf6 10.c3 Be7 11.a4 b4 12.c4 d6 13.d5 exd5 14.cxd5 Bf6 15.Nd4 a5
16.N2b3 Nd7 17.Rac1 Ba6 18.Qd2 Bxd4 19.Nxd4 Nc5 20.Rfe1  1/2-1/2